| 000 | 00407nam a2200169Ia 4500 | ||
|---|---|---|---|
| 003 | GCL | ||
| 008 | 140319s9999 xx 000 0 eng d | ||
| 040 |
_aGCL / _cGCL |
||
| 082 | 0 | 4 |
_a535 _bB A |
| 100 | 1 | _aBARKE, MICHAEL | |
| 245 | 1 | 0 |
_aIMAGE ACQUISATION / _cBARKE, MICHAEL |
| 260 |
_a[S.N] : _bCHAPMAN & HALL ، _c1996 |
||
| 300 | _a917 P | ||
| 650 | 0 | 4 | _aPHYSICS |
| 650 | 0 | 4 | _aLIGHTING |
| 942 |
_2ddc _cBK |
||
| 999 |
_c14126 _d14126 |
||